[Event "Xtracon Chess Open 2019"]
[Site "Helsingor DEN"]
[Date "2019.07.26"]
[Round "8.83"]
[White "Rosell, Sven"]
[Black "Guindy, Esmat Susanne"]
[Result "0-1"]
[BlackTitle "WFM"]
[WhiteElo "1913"]
[BlackElo "2132"]
[WhiteFideId "1707760"]
[BlackFideId "1401637"]
[EventDate "2019.07.20"]

1. c4 e6 2. Nf3 d5 3. g3 Nf6 4. Bg2 Be7 5. O-O O-O 6. b3 b6 7. Bb2 Bb7 8. e3 c5
9. Nc3 Nbd7 10. cxd5 Nxd5 11. Nxd5 Bxd5 12. d4 Bf6 13. Qe2 Be4 14. Rfd1 Qc7 15.
Rac1 Qb7 16. Ne1 Bxg2 17. Nxg2 Rfd8 18. Ne1 Rac8 19. Nc2 e5 20. dxe5 Nxe5 21.
Ne1 Qe7 22. Bxe5 Bxe5 23. Nd3 Bf6 24. Nf4 Qb7 25. Nh5 Be7 26. Qb2 Bf8 27. Qe2 b5
28. Qg4 Qc6 29. h4 Rxd1+ 30. Rxd1 c4 31. bxc4 bxc4 32. Qd4 c3 33. Rc1 c2 34. Qd2
Qc3 35. Qd4 Qxd4 0-1

[Event "Xtracon Chess Open 2019"]
[Site "Helsingor DEN"]
[Date "2019.07.26"]
[Round "8.84"]
[White "Skovgaard, Ib"]
[Black "Thuesen, Mogens"]
[Result "0-1"]
[WhiteElo "1911"]
[BlackElo "2111"]
[WhiteFideId "1406760"]
[BlackFideId "1400878"]
[EventDate "2019.07.20"]

1. e4 e6 2. d4 d5 3. Nd2 c5 4. exd5 exd5 5. Ngf3 Nc6 6. Qe2+ Qe7 7. dxc5 Qxe2+
8. Bxe2 Bxc5 9. Nb3 Bd6 10. Be3 Nf6 11. O-O-O O-O 12. h3 Be6 13. Nbd4 Rac8 14.
Kb1 Rfe8 15. g4 Ne4 16. Rhg1 a6 17. Nf5 Bxf5 18. gxf5 Nxf2 19. Bxf2 Rxe2 20. Bh4
Re3 21. Nd4 Nxd4 22. Rxd4 Bh2 23. Rg2 Rxh3 24. Rdg4 Be5 25. a3 Rc4 26. Be7 Rxg4
27. Rxg4 Rf3 28. Rb4 b5 29. a4 Rf4 30. Rxf4 Bxf4 31. axb5 axb5 0-1

[Event "Xtracon Chess Open 2019"]
[Site "Helsingor DEN"]
[Date "2019.07.26"]
[Round "8.85"]
[White "Christensen, Tommy"]
[Black "Poulsen, Klaus E."]
[Result "0-1"]
[WhiteElo "1908"]
[BlackElo "2095"]
[WhiteFideId "1423266"]
[BlackFideId "1405039"]
[EventDate "2019.07.20"]

1. e4 e6 2. d4 d5 3. Nc3 Bb4 4. Ne2 Nf6 5. e5 Nfd7 6. a3 Be7 7. b4 b6 8. b5 a6
9. Ng3 axb5 10. Qg4 g6 11. Nxb5 h5 12. Qf3 Ba6 13. Qc3 c6 14. Nd6+ Bxd6 15. exd6
Qf6 16. Bxa6 Rxa6 17. O-O O-O 18. Bb2 c5 19. Rfe1 cxd4 20. Qc7 e5 21. Rad1 Ra4
22. Rd3 Rc4 23. Rf3 Qe6 0-1

[Event "Xtracon Chess Open 2019"]
[Site "Helsingor DEN"]
[Date "2019.07.26"]
[Round "8.86"]
[White "Skjoldager, Mikael"]
[Black "Kittilsen, Sigurd"]
[Result "1/2-1/2"]
[WhiteElo "2076"]
[BlackElo "1894"]
[WhiteFideId "1434314"]
[BlackFideId "1515624"]
[EventDate "2019.07.20"]

1. e4 c5 2. Nf3 Nc6 3. d4 cxd4 4. Nxd4 Nf6 5. Nc3 g6 6. Be3 Bg7 7. f3 O-O 8. Qd2
d5 9. Nxc6 bxc6 10. e5 Nd7 11. f4 e6 12. Na4 Nxe5 13. Be2 Nd7 14. O-O Nb6 15.
Nc5 Bxb2 16. Rad1 Qf6 17. Rf3 Qc3 18. Qxc3 Bxc3 19. g4 e5 20. f5 e4 21. Rg3 Be5
22. Rg2 Re8 23. Rf1 Nd7 24. Nb3 a5 25. Rgf2 a4 26. fxg6 fxg6 27. Nd4 Bxd4 28.
Bxd4 c5 29. Be3 Ba6 30. Bxa6 Rxa6 31. Bh6 e3 32. Rf7 Nf6 33. Rg7+ Kh8 34. g5 e2
35. Re1 Ng4 36. Rc7 Nxh6 37. gxh6 c4 38. Rxe2 Raa8 39. Kf2 Kg8 40. Rg7+ Kf8 41.
Rxh7 Rxe2+ 42. Kxe2 Re8+ 43. Kd2 Re4 44. Rh8+ Kf7 45. Ra8 Rh4 46. Ra7+ Ke6 47.
h7 d4 48. Rxa4 Rxh2+ 49. Kd1 Kd5 50. Ra7 g5 51. Rg7 Ke4 52. a4 Ke3 53. Re7+ Kf3
54. Rf7+ Ke3 55. Re7+ Kf3 56. Rf7+ Ke3 57. Re7+ 1/2-1/2

[Event "Xtracon Chess Open 2019"]
[Site "Helsingor DEN"]
[Date "2019.07.26"]
[Round "8.87"]
[White "Thaler, Toni"]
[Black "Nord, Alexander"]
[Result "1-0"]
[WhiteElo "2070"]
[BlackElo "1893"]
[WhiteFideId "1303864"]
[BlackFideId "1738135"]
[EventDate "2019.07.20"]

1. d4 Nf6 2. c4 e6 3. Nf3 b6 4. g3 Bb7 5. Bg2 Be7 6. Nc3 O-O 7. Qc2 d5 8. cxd5
exd5 9. Bf4 c6 10. O-O Nbd7 11. Rad1 Rc8 12. Bh3 Ra8 13. Rfe1 Nh5 14. Bc1 Nhf6
15. Bf4 Nh5 16. Bc1 Nhf6 17. a3 Bd6 18. Bf5 Re8 19. Bf4 Qb8 20. e3 g6 21. Bh3
Kg7 22. Nd2 a6 23. Bg2 h5 24. h4 Nf8 25. Bxd6 Qxd6 26. e4 dxe4 27. Ndxe4 Nxe4
28. Nxe4 Qd7 29. d5 f6 30. Qc3 Nh7 31. Nxf6 Rxe1+ 32. Rxe1 Nxf6 33. dxc6 Qf7 34.
cxb7 Rf8 35. Qe5 1-0

[Event "Xtracon Chess Open 2019"]
[Site "Helsingor DEN"]
[Date "2019.07.26"]
[Round "8.88"]
[White "Gregor, Bjarke"]
[Black "Meyer, Juergen"]
[Result "1-0"]
[WhiteElo "2064"]
[BlackElo "1889"]
[WhiteFideId "1423401"]
[BlackFideId "24661759"]
[EventDate "2019.07.20"]

1. e4 e6 2. d4 d5 3. Nc3 Nf6 4. e5 Nfd7 5. f4 c5 6. Nf3 Nc6 7. Be3 a6 8. Qd2 b5
9. dxc5 Bxc5 10. Bd3 Qb6 11. Bf2 Bxf2+ 12. Qxf2 Qxf2+ 13. Kxf2 O-O 14. Ne2 f6
15. exf6 Rxf6 16. Ke3 e5 17. fxe5 Ndxe5 18. Nxe5 Nxe5 19. Rhf1 Rxf1 20. Rxf1
Nc4+ 21. Kd4 Nxb2 22. Nf4 Ra7 23. Kxd5 Nxd3 24. cxd3 Rf7 25. Rc1 Bb7+ 26. Ke5
Rd7 27. d4 g5 28. Ne6 Bxg2 29. Nxg5 Bd5 30. Rg1 Kh8 31. Rc1 Bxa2 32. Ra1 Bc4 33.
Rxa6 b4 34. Rb6 b3 35. Kf6 h6 36. Rb8+ Bg8 37. Ne6 Kh7 38. Nf8+ 1-0

[Event "Xtracon Chess Open 2019"]
[Site "Helsingor DEN"]
[Date "2019.07.26"]
[Round "8.89"]
[White "Christiansen, Jens Jorgen"]
[Black "Slettebo, Jan"]
[Result "1-0"]
[WhiteElo "2053"]
[BlackElo "1888"]
[WhiteFideId "1401670"]
[BlackFideId "1704958"]
[EventDate "2019.07.20"]

1. d4 d5 2. c4 c6 3. Nf3 Nf6 4. Nc3 dxc4 5. a4 Bf5 6. Ne5 Nbd7 7. Nxc4 Nb6 8.
Ne5 a5 9. f3 Nfd7 10. Nxd7 Nxd7 11. e4 Bg6 12. Be3 e5 13. dxe5 Nxe5 14. Qxd8+
Rxd8 15. Bb6 Ra8 16. Rd1 f6 17. f4 Nd7 18. Be3 Bb4 19. f5 Bf7 20. Be2 Bb3 21.
Ra1 Nc5 22. O-O Rd8 23. Bh5+ Ke7 24. e5 Rd3 25. exf6+ Kxf6 26. Rf3 Rhd8 27. Rg3
Bxc3 28. Bg5+ Ke5 29. Bxd8 Bd4+ 30. Kh1 Rxg3 31. hxg3 Ne4 32. Kh2 Kxf5 33. Bxa5
Be5 34. Be1 g6 35. Bf3 h5 36. Ra3 Bd5 37. Bxe4+ Bxe4 38. Rb3 c5 39. Bf2 Bd6 40.
Kg1 c4 41. Rb6 Bc7 42. Rb5+ 1-0

[Event "Xtracon Chess Open 2019"]
[Site "Helsingor DEN"]
[Date "2019.07.26"]
[Round "8.90"]
[White "Smeby, Ole"]
[Black "Zemlickova, Olena"]
[Result "0-1"]
[BlackTitle "WIM"]
[WhiteElo "1887"]
[BlackElo "2043"]
[WhiteFideId "1503677"]
[BlackFideId "14105560"]
[EventDate "2019.07.20"]

1. d4 d5 2. c4 e6 3. e3 Nf6 4. Nf3 Be7 5. Nc3 O-O 6. Bd3 b6 7. O-O Bb7 8. Qe2 c5
9. Rd1 Nbd7 10. b3 Rc8 11. Bb2 Qc7 12. Rac1 Qb8 13. cxd5 Nxd5 14. Nxd5 Bxd5 15.
e4 Bb7 16. Rc2 cxd4 17. Rxc8 Rxc8 18. Bxd4 Bf6 19. Bxf6 Nxf6 20. Qe3 h6 21. Bb1
Rd8 22. Rxd8+ Qxd8 23. Nd2 Qc7 24. f3 Ba6 25. Kf2 e5 26. Bd3 Bxd3 27. Qxd3 Qc5+
28. Qe3 Qc2 29. a4 Nh5 30. g3 Nf6 31. Ke2 Nd7 32. Qd3 Qc8 33. g4 Nf8 34. Nc4 Ne6
35. Qd6 f6 36. Ke3 Nd4 37. Qd5+ Kh7 38. f4 Nxb3 39. fxe5 fxe5 40. Nxe5 Qc1+ 41.
Kf2 Qc5+ 42. Kf3 Nd4+ 43. Kg3 Qc3+ 44. Kf2 Qd2+ 45. Kf1 Qf4+ 46. Kg2 Nc2 47. Nc4
Ne1+ 48. Kg1 Nf3+ 49. Kf2 Nd2+ 50. Ke2 Qxe4+ 51. Qxe4+ Nxe4 52. Ke3 Nc5 53. Nb2
Kg6 54. h4 Kf6 55. Kd4 Ke6 56. Kc4 Ke5 57. a5 Kf4 58. axb6 axb6 59. g5 h5 60.
Kb5 Kg4 61. Kxb6 Ne6 62. Nd3 Kxh4 63. g6 Nf8 64. Ne5 Kg5 65. Nf3+ Kxg6 66. Kc5
Kf5 67. Kd4 Kf4 68. Ne1 h4 69. Nd3+ Kg3 70. Ke3 h3 71. Nf2 h2 72. Ne4+ Kg2 73.
Nf2 h1=Q 0-1

[Event "Xtracon Chess Open 2019"]
[Site "Helsingor DEN"]
[Date "2019.07.26"]
[Round "8.91"]
[White "Gregersen, Hedin"]
[Black "Knudsen, Jan"]
[Result "1/2-1/2"]
[WhiteElo "1728"]
[BlackElo "1577"]
[WhiteFideId "7200226"]
[BlackFideId "1460803"]
[EventDate "2019.07.20"]

1. c4 Nf6 2. Nc3 e5 3. g3 d5 4. cxd5 Nxd5 5. Bg2 Be6 6. Nf3 Nc6 7. O-O Qd7 8. d4
exd4 9. Nxd4 Nxc3 10. bxc3 Bd5 11. e4 Bc4 12. Re1 Bc5 13. Be3 Nxd4 14. cxd4 Bb4
15. Bd2 Bxd2 16. Qxd2 O-O 17. Rac1 b5 18. e5 c6 19. Re4 a5 20. Rh4 Bd5 21. Qd3
g6 22. Bh3 Be6 23. Bg2 Bd5 24. Qd2 Bxg2 25. Qh6 f5 26. Kxg2 Ra7 27. Rc5 Qe6 28.
Qd2 Rd8 29. Qc2 Ra6 30. Rf4 Rd5 31. Kg1 Rxc5 32. Qxc5 Qxa2 33. Qd6 Qd5 34. Qf6
Qf7 35. Qd8+ Kg7 36. Qd6 a4 37. e6 Qe8 38. Qc7+ Kf6 39. Qe5+ Ke7 40. g4 a3 41.
gxf5 gxf5 42. Rxf5 Qg6+ 43. Rg5 Qxg5+ 44. Qxg5+ Kxe6 45. Qe5+ Kd7 46. d5 a2 47.
dxc6+ Kxc6 48. Qe6+ Kb7 49. Qd7+ 1/2-1/2

[Event "Xtracon Chess Open 2019"]
[Site "Helsingor DEN"]
[Date "2019.07.26"]
[Round "8.92"]
[White "Markussen, Petter B"]
[Black "Sidali, Elias Hulleberg"]
[Result "1/2-1/2"]
[WhiteElo "1873"]
[BlackElo "2041"]
[WhiteFideId "1533045"]
[BlackFideId "1530518"]
[EventDate "2019.07.20"]

1. d4 Nf6 2. Bf4 d5 3. e3 c5 4. Nf3 Nc6 5. c3 Qb6 6. Qb3 c4 7. Qxb6 axb6 8. Nbd2
b5 9. Ne5 Bf5 10. Be2 e6 11. O-O Nxe5 12. Bxe5 Nd7 13. Bg3 b4 14. e4 dxe4 15.
Nxe4 Rc8 16. cxb4 Bxb4 17. Nd6+ Bxd6 18. Bxd6 Nb8 1/2-1/2

[Event "Xtracon Chess Open 2019"]
[Site "Helsingor DEN"]
[Date "2019.07.26"]
[Round "8.93"]
[White "Larsen, Ulrik"]
[Black "Andersen, Daniel"]
[Result "1-0"]
[BlackTitle "FM"]
[WhiteElo "2039"]
[BlackElo "1864"]
[WhiteFideId "1441167"]
[BlackFideId "1402714"]
[EventDate "2019.07.20"]

1. e4 e6 2. d4 d5 3. e5 c5 4. c3 Nc6 5. Nf3 Qb6 6. a3 c4 7. Nbd2 Na5 8. Be2 Bd7
9. O-O f5 10. exf6 gxf6 11. Rb1 O-O-O 12. Re1 Bd6 13. b3 cxb3 14. c4 dxc4 15.
Nxc4 Nxc4 16. Bxc4 Bc7 17. Bxb3 Qd6 18. Bd2 a5 19. Qc2 Kb8 20. Qa2 Re8 21. Rec1
Bc6 22. d5 exd5 23. Rxc6 bxc6 24. Bxd5+ Kc8 25. Bc4 Ne7 26. Qb3 Nd5 27. g3 Qc5
28. Rc1 Kd7 29. Qd3 Re6 30. Nd4 Rd6 31. Qf5+ Ke7 32. Re1+ Kf7 33. Qh5+ Kf8 34.
Bh6+ 1-0

[Event "Xtracon Chess Open 2019"]
[Site "Helsingor DEN"]
[Date "2019.07.26"]
[Round "8.94"]
[White "Stovring, Claus"]
[Black "Heier, Odin Nikolai"]
[Result "0-1"]
[WhiteElo "2036"]
[BlackElo "1863"]
[WhiteFideId "1406914"]
[BlackFideId "1518003"]
[EventDate "2019.07.20"]

1. e4 e5 2. Nf3 Nc6 3. Bb5 a6 4. Ba4 g6 5. O-O Bg7 6. c3 Nge7 7. d4 b5 8. Bc2 d6
9. h3 O-O 10. d5 Na5 11. a4 Bb7 12. Na3 c6 13. b4 Nc4 14. Nxc4 bxc4 15. dxc6
Bxc6 16. Bg5 f6 17. Bh4 Qc7 18. Qe2 Bd7 19. Rfd1 Be6 20. Qe3 Rab8 21. Rab1 Rfd8
22. Ne1 d5 23. b5 axb5 24. axb5 Qb6 25. Qf3 Bf7 26. Rb4 d4 27. cxd4 exd4 28. e5
d3 29. Bxd3 cxd3 30. exf6 Nd5 31. fxg7 Nxb4 32. Bxd8 Rxd8 33. Nxd3 Bb3 34. Rd2
Bd5 35. Qf4 Nxd3 36. Rxd3 Qxb5 37. Rc3 Qb1+ 38. Rc1 Qe4 39. Qg3 Kxg7 40. Qc7+
Kh6 41. f3 Qe3+ 42. Kh2 Rf8 43. Rd1 Rf5 44. Qd8 Bxf3 45. Rd4 Qe5+ 46. Kg1 Bh5
47. h4 Qe3+ 48. Kh2 Rf1 49. Qd6 Qe1 0-1

[Event "Xtracon Chess Open 2019"]
[Site "Helsingor DEN"]
[Date "2019.07.26"]
[Round "8.95"]
[White "Kleimark, Anders"]
[Black "Berg, Margar M."]
[Result "1-0"]
[WhiteElo "2032"]
[BlackElo "1857"]
[WhiteFideId "1709968"]
[BlackFideId "7200021"]
[EventDate "2019.07.20"]

1. Nf3 d5 2. c4 dxc4 3. e3 Nf6 4. Bxc4 e6 5. O-O a6 6. a4 Bd6 7. Nc3 b6 8. e4
Bb4 9. e5 Nfd7 10. Qb3 Nc6 11. d4 h6 12. d5 Nc5 13. Qd1 Na5 14. Ba2 Bxc3 15.
bxc3 Bb7 16. dxe6 fxe6 17. Nd4 Bd5 18. Qh5+ Kd7 19. Rd1 Qe8 20. Qg4 Bxa2 21.
Nxe6+ Ke7 22. Nxg7 Qf7 23. Nf5+ Ke8 24. Rxa2 Rg8 25. Qf3 Rd8 26. Rxd8+ Kxd8 27.
Qa8+ Kd7 28. Rd2+ Ke6 29. Qd5+ 1-0

[Event "Xtracon Chess Open 2019"]
[Site "Helsingor DEN"]
[Date "2019.07.26"]
[Round "8.96"]
[White "Hempler, Poul"]
[Black "Christiansen, Arne"]
[Result "1/2-1/2"]
[WhiteElo "1856"]
[BlackElo "2011"]
[WhiteFideId "1468464"]
[BlackFideId "1402013"]
[EventDate "2019.07.20"]

1. e4 d6 2. d4 Nf6 3. Nc3 g6 4. f4 Bg7 5. Nf3 O-O 6. Bd3 Nc6 7. O-O Bg4 8. Be3
e5 9. fxe5 dxe5 10. d5 Nd4 11. Ne2 Nxf3+ 12. gxf3 Bh3 13. Rf2 Nh5 14. Ng3 Nf4
15. Bf1 Qd7 16. Qd2 g5 1/2-1/2

[Event "Xtracon Chess Open 2019"]
[Site "Helsingor DEN"]
[Date "2019.07.26"]
[Round "8.97"]
[White "Lauritsen, Niels"]
[Black "Amin, Idris"]
[Result "1-0"]
[WhiteElo "2011"]
[BlackElo "1853"]
[WhiteFideId "1404474"]
[BlackFideId "1746022"]
[EventDate "2019.07.20"]

1. Nc3 Nf6 2. d4 g6 3. e4 d6 4. Bg5 h6 5. Bxf6 exf6 6. g3 Bg7 7. Bg2 c6 8. Nge2
Qb6 9. Rb1 O-O 10. O-O f5 11. Bh3 fxe4 12. Bxc8 Rxc8 13. Nxe4 d5 14. Nc5 Qc7 15.
c3 b6 16. Nd3 Nd7 17. Qd2 Nf6 18. Qf4 Qb7 19. Qd2 Ne4 20. Qc2 Re8 21. a3 Rac8
22. Rbe1 c5 23. Qd1 Qc6 24. Ndf4 Rcd8 25. Nc1 Kh7 26. Kg2 h5 27. f3 Nf6 28. Ncd3
Nd7 29. dxc5 bxc5 30. Rxe8 Rxe8 31. Re1 Rxe1 32. Qxe1 d4 33. Qe8 dxc3 34. bxc3
a5 35. Qxf7 c4 36. Ne6 1-0

[Event "Xtracon Chess Open 2019"]
[Site "Helsingor DEN"]
[Date "2019.07.26"]
[Round "8.98"]
[White "Bering, Anders"]
[Black "Larsen, Preben R."]
[Result "1/2-1/2"]
[WhiteElo "1999"]
[BlackElo "1844"]
[WhiteFideId "1405810"]
[BlackFideId "1425790"]
[EventDate "2019.07.20"]

1. d4 d5 2. c4 dxc4 3. e3 e5 4. dxe5 Qxd1+ 5. Kxd1 Nc6 6. f4 Bg4+ 7. Be2 O-O-O+
8. Bd2 Bxe2+ 9. Kxe2 f6 10. exf6 Nxf6 11. Nf3 Bb4 12. Bxb4 Nxb4 13. Na3 Rhe8 14.
Nxc4 Nfd5 15. Nce5 Nc2 16. g3 Ncxe3 17. Kf2 h6 18. Rae1 Nf5 19. Nf7 Rxe1 20.
Rxe1 Rf8 21. N7e5 Nd6 22. h4 Nf6 23. Nd4 Re8 24. Rc1 Nfe4+ 25. Kg2 Kd8 26. b4 g5
27. hxg5 hxg5 28. Nd3 gxf4 29. Nxf4 Rg8 30. Nde6+ Ke8 31. Rxc7 Rxg3+ 32. Kf1 Rc3
33. Ng7+ Kf8 34. Nge6+ Ke8 35. Ng7+ Kf8 36. Nfe6+ Kg8 37. Rd7 Rf3+ 38. Ke2 Rf7
39. Rd8+ Kh7 40. Ne8 Re7 41. Nxd6 Rxe6 42. Nxb7 Nf6+ 43. Kd3 Rb6 44. Rd6 Rxb7
45. Rxf6 Rxb4 46. Rf7+ Kg6 47. Rxa7 Kf6 48. Kc3 Rh4 49. Rd7 Ke6 50. Rd3 Ra4 51.
Kb3 Re4 52. a4 Ke7 53. a5 Re6 54. Kb4 Rd6 55. Ra3 Rh6 56. a6 Rh8 57. Kb5 Kd7 58.
Kb6 Rb8+ 59. Ka7 Rb4 60. Rh3 Kc6 61. Rh6+ Kc7 62. Rh7+ Kc6 63. Rb7 Rh4 64. Rg7
Rh8 65. Rb7 Rh4 66. Ka8 Rh8+ 67. Rb8 Rh4 68. Rc8+ Kb6 69. a7 Rh7 70. Rb8+ Ka6
71. Rb7 Rxb7 1/2-1/2

[Event "Xtracon Chess Open 2019"]
[Site "Helsingor DEN"]
[Date "2019.07.26"]
[Round "8.99"]
[White "Hilbenz, Guntram"]
[Black "Johnsen, Oystein"]
[Result "1-0"]
[WhiteElo "1845"]
[BlackElo "1994"]
[WhiteFideId "4686586"]
[BlackFideId "1515861"]
[EventDate "2019.07.20"]

1. c4 Nf6 2. g3 g6 3. Bg2 Bg7 4. Nf3 O-O 5. O-O d6 6. Nc3 e5 7. d3 Nc6 8. Rb1 a5
9. a3 Re8 10. Nd2 Bd7 11. b4 axb4 12. axb4 Qc8 13. b5 Ne7 14. Qb3 Bh3 15. Nd5
Bxg2 16. Kxg2 Nd7 17. Ba3 b6 18. Ne4 h6 19. Bxd6 Nxd5 20. cxd5 f5 21. Bxc7 fxe4
22. d6+ Kh7 23. dxe4 Ra7 24. Rfc1 Nc5 25. Rxc5 bxc5 26. b6 Rxc7 27. bxc7 Rf8 28.
f3 Qa6 29. Qd1 Rf7 30. Rb8 1-0

[Event "Xtracon Chess Open 2019"]
[Site "Helsingor DEN"]
[Date "2019.07.26"]
[Round "8.100"]
[White "Rasmussen, Morten1"]
[Black "Glibstrup, Jakob"]
[Result "0-1"]
[WhiteElo "1816"]
[BlackElo "1993"]
[WhiteFideId "1410865"]
[BlackFideId "1416146"]
[EventDate "2019.07.20"]

1. d4 Nf6 2. c4 g6 3. f3 Bg7 4. e4 d6 5. Nc3 O-O 6. Bg5 h6 7. Be3 e5 8. Nge2 Nc6
9. d5 Ne7 10. Qd2 Kh7 11. g4 Nfg8 12. O-O-O f5 13. gxf5 gxf5 14. c5 Nf6 15. Kb1
fxe4 16. fxe4 Ng4 17. cxd6 cxd6 18. Bh3 Ng6 19. Rdf1 Nxe3 20. Qxe3 Bxh3 21. Qxh3
Nf4 22. Qe3 Qh4 23. Ng3 Qh3 24. Nf5 Qxe3 25. Nxe3 Rf6 26. Nf5 Bf8 27. Rhg1 Rc8
28. Kc2 b5 29. Kd2 b4 30. Na4 Rc4 31. Re1 Nxd5 32. Kd3 Rc7 33. Rc1 Rb7 34. Rc6
Ne7 35. Nxe7 Bxe7 36. Rg2 Rf4 37. b3 d5 38. exd5 Rd4+ 39. Ke3 Bg5+ 40. Ke2 Rxd5
41. Nc5 Rd2+ 42. Kf3 Rf7+ 43. Kg3 Bh4+ 44. Kh3 Rf3+ 45. Kg4 Rxg2+ 46. Kxf3 Rxa2
47. Nd3 Ra3 48. Nxe5 Rxb3+ 49. Ke4 Rc3 50. Ra6 Rc7 51. Nc6 b3 52. Kd3 Bf2 53.
Kc3 Bb6 0-1

[Event "Xtracon Chess Open 2019"]
[Site "Helsingor DEN"]
[Date "2019.07.26"]
[Round "8.101"]
[White "Mansoor, Afras"]
[Black "Lye, Sverre"]
[Result "1-0"]
[WhiteElo "1991"]
[BlackElo "1839"]
[WhiteFideId "1522108"]
[BlackFideId "1539353"]
[EventDate "2019.07.20"]

1. d4 Nf6 2. c4 g6 3. Nc3 Bg7 4. e4 d6 5. f4 O-O 6. Nf3 Nbd7 7. e5 Ne8 8. h4 h5
9. e6 fxe6 10. Bd3 c5 11. Bxg6 cxd4 12. Nxd4 Ndf6 13. Qe2 Nc7 14. Be3 e5 15.
fxe5 Bg4 16. Qc2 dxe5 17. Nf3 Qd6 18. c5 Qe6 19. Ng5 Qc4 20. Bd3 Qb4 21. a3 Bd1
22. Rxd1 Qg4 23. Be2 Qc8 24. O-O Nce8 25. Bc4+ Kh8 26. Nd5 Bh6 27. Nxe7 Qg4 28.
Ng6+ Kg7 29. Ne6+ Qxe6 30. Bxh6+ Kxh6 31. Bxe6 Nc7 32. Nxe5 Rg8 33. Rxf6+ Kg7
34. Qg6+ Kh8 35. Nf7# 1-0

[Event "Xtracon Chess Open 2019"]
[Site "Helsingor DEN"]
[Date "2019.07.26"]
[Round "8.102"]
[White "Manz, Andreas"]
[Black "Andersson, Lars"]
[Result "0-1"]
[WhiteElo "1770"]
[BlackElo "1990"]
[WhiteFideId "24660108"]
[BlackFideId "1706772"]
[EventDate "2019.07.20"]

1. d4 Nf6 2. c4 g6 3. Nc3 Bg7 4. e4 d6 5. f3 O-O 6. Be3 c5 7. dxc5 dxc5 8. Qxd8
Rxd8 9. Bxc5 Nc6 10. Nge2 b6 11. Be3 Ba6 12. Nf4 Nd7 13. Rc1 Rac8 14. b3 Nc5 15.
Bxc5 bxc5 16. Na4 Bh6 0-1

[Event "Xtracon Chess Open 2019"]
[Site "Helsingor DEN"]
[Date "2019.07.26"]
[Round "8.103"]
[White "Zheng, Harry Z"]
[Black "Skjoldager, Flemming"]
[Result "1-0"]
[WhiteElo "1597"]
[BlackElo "1972"]
[WhiteFideId "460982"]
[BlackFideId "1406515"]
[EventDate "2019.07.20"]

1. e4 c6 2. d4 d5 3. e5 Bf5 4. h4 h5 5. Bd3 Bxd3 6. Qxd3 e6 7. Bg5 Qb6 8. Nd2
Ne7 9. Ngf3 Qa6 10. c4 Nd7 11. O-O Nf5 12. b3 c5 13. Rfe1 Rc8 14. Rac1 Nb6 15.
dxc5 Bxc5 16. Red1 O-O 17. a3 dxc4 18. Nxc4 Nxc4 19. Rxc4 b6 20. Ra4 Qxd3 21.
Rxd3 b5 22. Ra5 Rb8 23. Kf1 Rb7 24. a4 f6 25. exf6 gxf6 26. Bd2 Rfb8 27. Ra6 Kf7
28. b4 Be7 29. axb5 e5 30. Nxe5+ fxe5 31. Rf3 Rxb5 32. Rxf5+ Ke8 33. Rxa7 Rd8
34. Bc3 Rd3 35. Be1 Rd1 36. Ke2 Rd4 37. Rxh5 Re4+ 38. Kf1 Rxh4 39. Rxe7+ 1-0

[Event "Xtracon Chess Open 2019"]
[Site "Helsingor DEN"]
[Date "2019.07.26"]
[Round "8.104"]
[White "Heinsohn, Michael"]
[Black "Rempe, Jonas"]
[Result "1-0"]
[WhiteElo "1959"]
[BlackElo "1839"]
[WhiteFideId "4665546"]
[BlackFideId "16202406"]
[EventDate "2019.07.20"]

1. d4 Nf6 2. c4 g6 3. Nc3 Bg7 4. e4 d6 5. Be2 O-O 6. Bg5 Na6 7. Qd2 c6 8. f3 e5
9. d5 cxd5 10. cxd5 Nc5 11. b4 Ncd7 12. a3 a5 13. Rb1 axb4 14. axb4 Qb6 15. Be3
Qd8 16. Bd3 Nh5 17. Nge2 f5 18. O-O f4 19. Bf2 Nhf6 20. Rfc1 g5 21. Nb5 Ne8 22.
Ra1 Rxa1 23. Rxa1 Ndf6 24. Ra8 Nc7 25. Bb6 Nxa8 26. Bxd8 Rxd8 27. Qc2 g4 28.
Nxd6 gxf3 29. Nxc8 fxe2 30. Bxe2 Nxe4 31. Qxe4 Rxc8 32. d6 Rb8 33. Bc4+ Kh8 34.
Be6 1-0

[Event "Xtracon Chess Open 2019"]
[Site "Helsingor DEN"]
[Date "2019.07.26"]
[Round "8.105"]
[White "Skjolingstad, Sverre"]
[Black "Rolvag, Birk Anders"]
[Result "1-0"]
[WhiteElo "1754"]
[BlackElo "1956"]
[WhiteFideId "1519913"]
[BlackFideId "1507753"]
[EventDate "2019.07.20"]

1. e4 c5 2. Nf3 Nc6 3. d4 cxd4 4. Nxd4 g6 5. Nc3 Bg7 6. Be3 Nf6 7. Nxc6 bxc6 8.
e5 Ng8 9. Bd4 f6 10. exf6 Nxf6 11. Be2 Qa5 12. a3 O-O 13. O-O d5 14. b4 Qd8 15.
Re1 Ne8 16. Bxg7 Kxg7 17. Bg4 Nf6 18. Bxc8 Rxc8 19. Qd4 Qd7 20. Na4 Rf7 21. Nc5
Qf5 22. Re5 Qxc2 23. Ne6+ Kg8 24. Ng5 Rg7 25. Qxa7 Qc3 26. Ree1 e5 27. Qa6 Re8
28. Rac1 Qd2 29. Nf3 Qf4 30. Rxc6 Rf7 31. Rc8 e4 32. Qe6 Rxc8 33. Qxc8+ Kg7 34.
Nd4 Qe5 35. Ne6+ Kh6 36. f4 Qb2 37. Ng5 Qd4+ 38. Kh1 Ra7 39. Qh3+ Nh5 40. g4 Qf2
41. Rf1 Qb2 42. Ne6 1-0

[Event "Xtracon Chess Open 2019"]
[Site "Helsingor DEN"]
[Date "2019.07.26"]
[Round "8.106"]
[White "Nilsson, Patrik2"]
[Black "Halvorsen, Benjamin"]
[Result "1-0"]
[WhiteElo "1932"]
[BlackElo "1789"]
[WhiteFideId "1708112"]
[BlackFideId "1516604"]
[EventDate "2019.07.20"]

1. e4 d5 2. exd5 Qxd5 3. Nc3 Qa5 4. d4 Nf6 5. Bc4 c6 6. Bd2 Bf5 7. Nd5 Qd8 8.
Nxf6+ gxf6 9. c3 e6 10. Ne2 Nd7 11. O-O Rg8 12. Ng3 Bg6 13. Qb3 Qc7 14. Bxe6
O-O-O 15. Bxf7 Bxf7 16. Qxf7 Rg7 17. Qh5 Bd6 18. Nf5 Rgg8 19. Nxd6+ Qxd6 20. Qf5
Rg6 21. Bf4 Qe7 22. Rfe1 Qg7 23. g3 h5 24. Qa5 1-0